• Europa

di Geographic Name

Records bibliografici associati: 1

001 - CONTROL NUMBER

  • control field: 58865

003 - CONTROL NUMBER IDENTIFIER

  • control field:

005 - DATE AND TIME OF LATEST TRANSACTION

  • control field: 20210415171720.0

008 - FIXED-LENGTH DATA ELEMENTS

  • fixed length control field: 210415|| aca||aabn | a|a d

040 ## - CATALOGING SOURCE

  • Original cataloging agency:
  • Transcribing agency:

151 ## - HEADING--GEOGRAPHIC NAME

  • Geographic name: Europa
  • General subdivision: Civilizazione
  • Chronological subdivision: 18 secolo

670 ## - SOURCE DATA FOUND

  • Source citation: Work cat.: ()0: Illuminismo :
CREDITS: SOCIETA' SAN PAOLO Via A.Severo, 58 - ROMA (RM) & PERIODICI SAN PAOLO SRL Via Giotto, 36 MILANO & CISF Via Giotto, 36 MILANO & EDIZIONI SAN PAOLO SRL,  Piazza Soncino, 5 CINISELLO BALSAMO (MI) -- ITALY